[Event "Litomysl 2008"]
[Site "?"]
[Date "2008.12.28"]
[Round "4.3"]
[White "Vavra, Pavel"]
[Black "Heberla, Bartlomiej"]
[Result "1-0"]
[WhiteElo "2299"]
[BlackElo "2485"]
[PlyCount "113"]
[EventDate "2008.12.26"]

1. d4 c5 2. c3 d5 3. dxc5 e6 4. b4 a5 5. e3 Nc6 6. Bb5 Qg5 7. Nf3 Qxg2 8. Rg1
Qh3 9. Rg3 Qh5 10. Rg5 Qh3 11. Rg3 Qh5 12. Rg5 Qh3 13. e4 dxe4 14. Ne5 Qxh2 15.
Nxc6 Bd7 16. Nd4 Bxb5 17. Nxb5 Rd8 18. Qh5 Qxh5 19. Rxh5 Nf6 20. Rh3 axb4 21.
cxb4 b6 22. cxb6 Bxb4+ 23. Bd2 Bc5 24. Be3 Bxe3 25. Rxe3 Nd5 26. Nc7+ Nxc7 27.
bxc7 Rc8 28. Rc3 Kd7 29. Nd2 Rxc7 30. Rxc7+ Kxc7 31. Nxe4 Kc6 32. Ke2 h5 33. a4
h4 34. a5 h3 35. Kf3 f6 36. a6 Kb6 37. a7 h2 38. Kg2 e5 39. Ng3 Kb7 40. a8=Q+
Rxa8 41. Rxa8 Kxa8 42. Nh5 Kb7 43. Nxg7 Kc6 44. Kxh2 Kd5 45. Kg3 Ke4 46. Kg4
Kd3 47. Nf5 Ke2 48. f3 Kd3 49. Nd6 Ke2 50. Kg3 Ke3 51. Nf5+ Ke2 52. Kg2 Kd3 53.
Kf2 Kd2 54. Ne3 Kd3 55. Ng4 e4 56. f4 Kd2 57. f5 1-0

[Event "Litomysl 2008"]
[Site "?"]
[Date "2008.12.28"]
[Round "4.4"]
[White "Popcev, Milko Jordanov"]
[Black "Cerveny, Martin"]
[Result "1/2-1/2"]
[WhiteElo "2426"]
[BlackElo "2320"]
[PlyCount "74"]
[EventDate "2008.12.26"]

1. g3 g6 2. Bg2 Bg7 3. d4 d5 4. Nf3 Nf6 5. O-O O-O 6. b3 c5 7. Bb2 cxd4 8. Nbd2
Re8 9. Bxd4 Nc6 10. Bb2 e5 11. e3 e4 12. Nd4 Be6 13. Nxe6 Rxe6 14. c4 dxc4 15.
Nxc4 b5 16. Qxd8+ Rxd8 17. Na3 a6 18. Rad1 Nd5 19. Bxg7 Kxg7 20. Nb1 f5 21. Rd2
Kf6 22. Rc1 Ne5 23. Rd4 Nc6 24. Rd2 Ne5 25. Rcd1 Red6 26. Nc3 Ke6 27. Ne2 Nb4
28. Nd4+ Kf6 29. Rc1 Nbc6 30. Nxc6 Rxd2 31. Nxd8 Rxd8 32. Bf1 Rd2 33. a4 bxa4
34. bxa4 Ra2 35. Bxa6 Rxa4 36. Be2 Ra2 37. Kf1 Rb2 1/2-1/2

[Event "Litomysl 2008"]
[Site "?"]
[Date "2008.12.28"]
[Round "4.7"]
[White "Jedlicka, Ales"]
[Black "Plat, Vojtech"]
[Result "1/2-1/2"]
[WhiteElo "2287"]
[BlackElo "2411"]
[PlyCount "80"]
[EventDate "2008.12.26"]

1. Nf3 c5 2. g3 Nc6 3. c4 g6 4. Bg2 Bg7 5. Nc3 Nf6 6. O-O O-O 7. d4 cxd4 8.
Nxd4 Nxd4 9. Qxd4 d6 10. Qd3 Bf5 11. e4 Bd7 12. h3 Bc6 13. Be3 Nd7 14. Rac1 Rc8
15. b3 Nc5 16. Qb1 b6 17. Rfd1 Qe8 18. Nd5 h6 19. b4 Nd7 20. Qb3 Ne5 21. b5 Ba8
22. a4 e6 23. Nb4 Qe7 24. Nd3 Nd7 25. a5 bxa5 26. Qa3 f5 27. e5 Nxe5 28. Nxe5
Bxe5 29. Bxa8 Rxa8 30. f4 Bf6 31. Qxd6 Rfc8 32. c5 Rab8 33. Qxe7 Bxe7 34. Rd7
Kf8 35. Rxa7 Rxb5 36. c6 Rd5 37. Bb6 Rb5 38. Bd4 Rd5 39. Bb6 Rb5 40. Bd4 Rd5
1/2-1/2

[Event "Litomysl 2008"]
[Site "?"]
[Date "2008.12.28"]
[Round "4.8"]
[White "Zeberski, Jakub"]
[Black "Vrana, Jan"]
[Result "1-0"]
[WhiteElo "2398"]
[BlackElo "2219"]
[PlyCount "55"]
[EventDate "2008.12.26"]

1. e4 e5 2. Nf3 Nf6 3. Nxe5 d6 4. Nf3 Nxe4 5. d3 Nf6 6. d4 d5 7. Bd3 Be7 8. h3
O-O 9. Bf4 Nbd7 10. O-O Re8 11. Nbd2 Nf8 12. c3 Ng6 13. Bxg6 hxg6 14. Re1 c6
15. Qb3 Qb6 16. g4 Qxb3 17. axb3 a6 18. b4 Nh7 19. Re3 Nf8 20. Nb3 f6 21. Rae1
Kf7 22. Nc5 b6 23. Bd6 Bxd6 24. Rxe8 bxc5 25. bxc5 Ne6 26. R1xe6 Bxe6 27. Rxa8
Be7 28. Rxa6 1-0

[Event "Litomysl 2008"]
[Site "?"]
[Date "2008.12.28"]
[Round "4.10"]
[White "Sergeev, Vladimir"]
[Black "Fuchs, Georg"]
[Result "1-0"]
[WhiteElo "2519"]
[BlackElo "2210"]
[PlyCount "51"]
[EventDate "2008.12.26"]

1. d4 Nf6 2. Nf3 e6 3. Bg5 c5 4. e3 d5 5. Nbd2 Be7 6. c3 O-O 7. Bd3 b6 8. O-O
Bb7 9. Ne5 Nbd7 10. Qb1 h6 11. Bxf6 Bxf6 12. f4 Nxe5 13. fxe5 Bg5 14. Qe1 h5
15. Nf3 Bh6 16. Kh1 f5 17. exf6 Qxf6 18. Qe2 a5 19. Ne5 Qg5 20. Bg6 Rf6 21.
Bf7+ Kh8 22. Qc2 Qxe3 23. Ng6+ Rxg6 24. Qxg6 cxd4 25. Be8 Kg8 26. Rf8+ 1-0

[Event "Litomysl 2008"]
[Site "?"]
[Date "2008.12.28"]
[Round "4.11"]
[White "Manik, Mikulas"]
[Black "Valenta, Vit"]
[Result "1-0"]
[WhiteElo "2448"]
[BlackElo "2190"]
[PlyCount "57"]
[EventDate "2008.12.26"]

1. e4 c5 2. Nf3 e6 3. d4 cxd4 4. Nxd4 Nf6 5. Nc3 Bb4 6. e5 Ne4 7. Qg4 Qa5 8.
Qxe4 Bxc3+ 9. bxc3 Qxc3+ 10. Kd1 Qxa1 11. Nb5 Kd8 12. Qh4+ f6 13. c3 a6 14.
exf6 g5 15. Qxg5 axb5 16. f7+ Kc7 17. Qe5+ d6 18. Qxh8 Nd7 19. f8=Q Nxf8 20.
Qxf8 Qxa2 21. Qe7+ Bd7 22. Qxh7 b4 23. cxb4 Qd5+ 24. Qd3 Ba4+ 25. Ke1 Qe5+ 26.
Be2 Rc8 27. f4 Qa1 28. Kf2 Kd7 29. Qh7+ 1-0

[Event "Litomysl 2008"]
[Site "?"]
[Date "2008.12.28"]
[Round "4.13"]
[White "Blecha, Miroslav"]
[Black "Cernousek, Lukas"]
[Result "0-1"]
[WhiteElo "2219"]
[BlackElo "2435"]
[PlyCount "86"]
[EventDate "2008.12.26"]

1. e4 c5 2. Nf3 d6 3. d4 Nf6 4. Nc3 cxd4 5. Nxd4 a6 6. Be3 e5 7. Nb3 Be6 8. f3
Be7 9. Qd2 O-O 10. O-O-O Nbd7 11. g4 b5 12. g5 b4 13. Ne2 Ne8 14. f4 a5 15. f5
Bxb3 16. cxb3 a4 17. bxa4 Rxa4 18. Kb1 Rxa2 19. Kxa2 Qa8+ 20. Kb3 Bxg5 21. Qd5
Qxd5+ 22. Rxd5 Bxe3 23. Ng3 Bc5 24. Bb5 Ndf6 25. Rd2 Nc7 26. Bc6 Rb8 27. Ra1 h5
28. h4 Rb6 29. Bd5 Ncxd5 30. Ra8+ Kh7 31. exd5 Rb7 32. Re2 g6 33. Ne4 Nxe4 34.
fxg6+ Kxg6 35. Rxe4 f5 36. Re2 f4 37. Rg8+ Kf6 38. Reg2 Kf5 39. Rf8+ Ke4 40.
Kc4 f3 41. Rg3 f2 42. Rg5 Rc7 43. Kb5 Be3 0-1

[Event "Litomysl 2008"]
[Site "?"]
[Date "2008.12.28"]
[Round "4.16"]
[White "Andonov, Bogomil"]
[Black "Chlost, Marlena"]
[Result "1/2-1/2"]
[WhiteElo "2328"]
[BlackElo "2137"]
[PlyCount "106"]
[EventDate "2008.12.26"]

1. Nf3 Nf6 2. c4 e6 3. g3 d5 4. Bg2 c5 5. cxd5 exd5 6. d4 Nc6 7. O-O Be7 8.
dxc5 Bxc5 9. a3 O-O 10. b4 Be7 11. Nc3 Bf5 12. Bb2 Qd7 13. Qb3 Rfd8 14. Rfd1
Be4 15. Nxe4 Nxe4 16. Nd2 Ng5 17. Ne4 Ne6 18. e3 a6 19. Nc3 d4 20. Nd5 Rab8 21.
exd4 Ng5 22. Nxe7+ Nxe7 23. Qe3 h6 24. h4 Nh7 25. d5 Nf5 26. Qf4 Nd6 27. Kh2
Nf8 28. Bh3 Ng6 29. Qd2 f5 30. a4 Rbc8 31. Rac1 Rxc1 32. Rxc1 Ne8 33. Rd1 Kh7
34. Re1 Nf6 35. Qd3 Qxd5 36. Qxf5 Qxf5 37. Bxf5 Rd2 38. Bxf6 Rxf2+ 39. Kg1 Rxf5
40. Bd4 Rf3 41. Kg2 Rd3 42. Bc5 h5 43. Rf1 Rd2+ 44. Kh3 Nh8 45. Rf8 Rd7 46. Rb8
Nf7 47. Be3 Ne5 48. b5 axb5 49. axb5 Ng4 50. Bf4 Nf6 51. b6 Nd5 52. Bc7 Re7 53.
Rxb7 Nxb6 1/2-1/2

[Event "Litomysl 2008"]
[Site "?"]
[Date "2008.12.28"]
[Round "4.19"]
[White "Kastner, Oldrich"]
[Black "Zvarik, Martin"]
[Result "1/2-1/2"]
[WhiteElo "2145"]
[BlackElo "2228"]
[PlyCount "101"]
[EventDate "2008.12.26"]

1. e4 e5 2. Nf3 Nc6 3. Bc4 Bc5 4. d3 d6 5. c3 Nf6 6. Bb3 Bg4 7. Nbd2 O-O 8. O-O
b5 9. h3 Bh5 10. Re1 Bb6 11. Nf1 Na5 12. Bc2 c5 13. Ng3 Bg6 14. Nh4 d5 15. exd5
Qxd5 16. Ne4 Nxe4 17. dxe4 Qxd1 18. Bxd1 Rfd8 19. Nxg6 hxg6 20. Be2 c4 21. Rb1
Rac8 22. Rd1 Rxd1+ 23. Bxd1 Nb7 24. Kf1 Rd8 25. Bc2 Nd6 26. Ke2 f5 27. Bg5 Re8
28. Rd1 Nf7 29. Bc1 f4 30. Rd5 a6 31. a4 bxa4 32. Bxa4 Re7 33. f3 Kh7 34. Rd7
Rxd7 35. Bxd7 Nd6 36. Be6 g5 37. b3 cxb3 38. Bxb3 Bc5 39. Bd5 Kg6 40. Kd3 Kf6
41. Bb2 a5 42. Bc6 Ke7 43. Ba4 Ke6 44. Bc1 Ke7 45. Bb2 Ke6 46. Kc2 Nc8 47. Kb3
Nb6 48. Bb5 Kd6 49. Bc1 Be3 50. Bb2 Bc5 51. Bc1 1/2-1/2

[Event "Litomysl 2008"]
[Site "?"]
[Date "2008.12.28"]
[Round "4.20"]
[White "Konstacky, Matej"]
[Black "Blazkova, Petra"]
[Result "1/2-1/2"]
[WhiteElo "2133"]
[BlackElo "2224"]
[PlyCount "50"]
[EventDate "2008.12.26"]

1. e4 d5 2. exd5 Qxd5 3. Nc3 Qa5 4. Nf3 Nf6 5. Bc4 Bg4 6. h3 Bh5 7. d3 c6 8.
Bd2 Qc7 9. Qe2 Nbd7 10. g4 Bg6 11. O-O-O O-O-O 12. Nh4 e6 13. f4 b5 14. Bb3 Nc5
15. Nxg6 hxg6 16. Ne4 Nfxe4 17. dxe4 a5 18. a3 Rd4 19. e5 Nxb3+ 20. cxb3 Be7
21. Kb1 Rhd8 22. Be3 Rxd1+ 23. Rxd1 Rxd1+ 24. Qxd1 Qd8 25. Qxd8+ Bxd8 1/2-1/2

[Event "Litomysl 2008"]
[Site "?"]
[Date "2008.12.28"]
[Round "4.30"]
[White "Bartosova, Lucie"]
[Black "Czyz, Artur"]
[Result "1-0"]
[WhiteElo "1884"]
[BlackElo "2085"]
[PlyCount "104"]
[EventDate "2008.12.26"]

1. e4 Nc6 2. Nf3 d6 3. d4 g6 4. Nc3 Bg7 5. Be3 e5 6. dxe5 Nxe5 7. Nxe5 Bxe5 8.
Bd4 Be6 9. f4 Bxd4 10. Qxd4 Qf6 11. Bb5+ c6 12. Qxf6 Nxf6 13. Be2 O-O-O 14. h3
h5 15. O-O-O h4 16. f5 gxf5 17. exf5 Bd5 18. Nxd5 Nxd5 19. Rxd5 cxd5 20. Rd1
Rde8 21. Bf3 Re5 22. Rxd5 Kc7 23. Kd2 Rhe8 24. Rd4 Rh8 25. Rc4+ Rc5 26. Re4 Re5
27. Kd3 Rxe4 28. Kxe4 Rg8 29. f6 b6 30. Bg4 d5+ 31. Kf5 Kd6 32. Bf3 Rg3 33. c3
Rg8 34. Bg4 a5 35. Bf3 b5 36. a3 b4 37. cxb4 axb4 38. axb4 Rb8 39. Bh5 Rb7 40.
b3 Rc7 41. b5 Rb7 42. Be2 Rb8 43. Bh5 Rb7 44. b6 Rd7 45. b4 Kc6 46. Ke5 d4 47.
Bf3+ Kxb6 48. Bg4 Rd8 49. Bh5 Rd7 50. Bg4 Rd8 51. Bh5 d3 52. Bxf7 Kb5 1-0

[Event "Litomysl 2008"]
[Site "?"]
[Date "2008.12.28"]
[Round "4.31"]
[White "Sandor, Lukas"]
[Black "Ruzicka, Milan"]
[Result "1-0"]
[WhiteElo "1869"]
[BlackElo "2074"]
[PlyCount "116"]
[EventDate "2008.12.26"]

1. e4 e6 2. d4 d5 3. e5 c5 4. Nc3 Bd7 5. Nf3 Nc6 6. dxc5 Bxc5 7. Bd3 Nge7 8.
O-O a6 9. a3 Ng6 10. Bxg6 hxg6 11. Bg5 Be7 12. Bf4 Rc8 13. Re1 b5 14. Ne2 Qb6
15. Be3 Qc7 16. Bd4 g5 17. h3 f5 18. Qd3 Rh6 19. Be3 Nxe5 20. Nxe5 Qxe5 21. Bd4
Qc7 22. Bxg7 Rh7 23. Bc3 g4 24. h4 Bxh4 25. g3 Be7 26. Nf4 Qc6 27. Bd4 Kf7 28.
c3 Bf6 29. Bxf6 Kxf6 30. Qd4+ Kf7 31. Ng2 Qb7 32. Nh4 Rc4 33. Qe5 Qc7 34. Qxc7
Rxc7 35. Re3 Kf6 36. Rae1 Rc4 37. Ng2 Re4 38. Rxe4 fxe4 39. Rd1 Bc6 40. Ne3 Kg5
41. Kf1 Rd7 42. Nc2 e5 43. Ke2 a5 44. Ke3 Rh7 45. Rd2 Kf5 46. b4 a4 47. Rd1 Bb7
48. Ke2 Kg5 49. Ne3 Rd7 50. Nc2 Rc7 51. Kd2 Rf7 52. Ke2 Rc7 53. Kd2 Rc4 54. Ne3
d4 55. Nxc4 bxc4 56. Ke2 d3+ 57. Ke3 Ba6 58. Rh1 Bb5 1-0

[Event "Litomysl 2008"]
[Site "?"]
[Date "2008.12.28"]
[Round "4.32"]
[White "Framberk, Jan"]
[Black "Sabolova, Gabriela"]
[Result "1/2-1/2"]
[WhiteElo "2042"]
[BlackElo "1869"]
[PlyCount "53"]
[EventDate "2008.12.26"]

1. e4 e5 2. Nf3 Nc6 3. d4 exd4 4. Bc4 Nf6 5. O-O Nxe4 6. Re1 d5 7. Bxd5 Qxd5 8.
Nc3 Qh5 9. Nxe4 Be6 10. Bg5 Be7 11. Nxd4 Qxd1 12. Raxd1 Nxd4 13. Rxd4 Rd8 14.
Ra4 a6 15. h4 f6 16. Bf4 Kf7 17. Bxc7 Rc8 18. Bd6 Rxc2 19. Bxe7 Kxe7 20. Rb4 b5
21. a4 Rb8 22. Nc3 Kf7 23. axb5 a5 24. Rbe4 Bb3 25. R4e2 Rxe2 26. Rxe2 Bc4 27.
Re1 1/2-1/2

[Event "Litomysl 2008"]
[Site "?"]
[Date "2008.12.29"]
[Round "5.3"]
[White "Plat, Vojtech"]
[Black "Sergeev, Vladimir"]
[Result "1/2-1/2"]
[WhiteElo "2411"]
[BlackElo "2519"]
[PlyCount "152"]
[EventDate "2008.12.26"]

1. e4 c6 2. d4 d5 3. exd5 cxd5 4. c4 Nf6 5. Nc3 e6 6. Nf3 Bb4 7. Bg5 Qa5 8. Bd2
Ne4 9. Nxe4 dxe4 10. Bxb4 Qxb4+ 11. Qd2 Nc6 12. Ng5 f5 13. Qxb4 Nxb4 14. Kd2 h6
15. Nh3 Kf7 16. Kc3 Nc6 17. Be2 Rd8 18. Rhd1 Bd7 19. f3 exf3 20. Bxf3 g5 21. b4
Rac8 22. g4 Kf6 23. gxf5 exf5 24. b5 Na5 25. c5 g4 26. Kb4 b6 27. Bh1 gxh3 28.
c6 Bxc6 29. bxc6 Nxc6+ 30. Bxc6 Rxc6 31. Rd3 Rc2 32. Rxh3 Rxd4+ 33. Kb3 Rdd2
34. Rxh6+ Kg5 35. Rh7 Rb2+ 36. Kc3 Rxa2 37. Rg1+ Kf4 38. h4 a5 39. Kc4 Rac2+
40. Kb3 Rb2+ 41. Kc3 b5 42. h5 Rbc2+ 43. Kb3 a4+ 44. Kb4 Rb2+ 45. Kc5 Rdc2+ 46.
Kd4 Rg2 47. Ra1 Rgd2+ 48. Kc5 Rdc2+ 49. Kd5 Ra2 50. Rb1 Rcb2 51. Rf1+ Rf2 52.
Rb1 Rab2 53. Ra1 Kf3 54. h6 Rh2 55. Rh8 f4 56. Rf1+ Rbf2 57. Rb1 Rh5+ 58. Kd4
Kg2 59. Ke4 Kh2 60. h7 a3 61. Ra8 Rxh7 62. Rxa3 Re7+ 63. Kf5 f3 64. Raa1 Rfe2
65. Ra3 f2 66. Kg4 Re1 67. Rb2 Kg1 68. Rg3+ Kf1 69. Rf3 R1e2 70. Rxb5 R7e4+ 71.
Kg3 R4e3 72. Rb1+ Re1 73. Rb2 Rxf3+ 74. Kxf3 Kg1 75. Rxf2 Rf1 76. Rxf1+ Kxf1
1/2-1/2

[Event "Litomysl 2008"]
[Site "?"]
[Date "2008.12.29"]
[Round "5.7"]
[White "Cernousek, Lukas"]
[Black "Skliba, Martin"]
[Result "1-0"]
[WhiteElo "2435"]
[BlackElo "2318"]
[PlyCount "53"]
[EventDate "2008.12.26"]

1. e4 c5 2. Nf3 e6 3. d4 cxd4 4. Nxd4 a6 5. Bd3 Bc5 6. Nb3 Be7 7. Qg4 g6 8. Qe2
d6 9. Be3 Nd7 10. N1d2 Qc7 11. f4 b6 12. O-O-O Ngf6 13. g4 Nc5 14. Kb1 Bb7 15.
Rhf1 Nfd7 16. f5 a5 17. Bc4 e5 18. fxg6 fxg6 19. Bf7+ Kd8 20. Bh6 Ba6 21. c4
Bf8 22. Bg5+ Kc8 23. Bd5 Bb7 24. Nxc5 bxc5 25. Be6 Kb8 26. Rf7 Bc6 27. Rdf1 1-0

[Event "Litomysl 2008"]
[Site "?"]
[Date "2008.12.29"]
[Round "5.8"]
[White "Kanovsky, David"]
[Black "Jedlicka, Ales"]
[Result "1-0"]
[WhiteElo "2431"]
[BlackElo "2287"]
[PlyCount "91"]
[EventDate "2008.12.26"]

1. e4 c5 2. Nf3 d6 3. d4 cxd4 4. Nxd4 Nf6 5. Nc3 a6 6. Bg5 e6 7. f4 Nbd7 8. Qf3
Qc7 9. O-O-O Be7 10. Bd3 h6 11. Bh4 g5 12. fxg5 Ne5 13. Qe2 Nfg4 14. Nf3 Nxf3
15. Qxf3 hxg5 16. Bg3 Ne5 17. Bxe5 dxe5 18. Rdf1 Rh7 19. h4 gxh4 20. Qg4 Rh8
21. g3 Qb6 22. Qg7 Rf8 23. gxh4 Bd7 24. Qxe5 Qe3+ 25. Kb1 Rc8 26. Re1 Qf2 27.
Nd5 Qc5 28. Nf6+ Kd8 29. Nxd7 Kxd7 30. Qxc5 Bxc5 31. h5 Ke7 32. e5 Rh8 33. h6
Rcg8 34. Rh5 Be3 35. h7 Rg5 36. Rxg5 Bxg5 37. a3 Kf8 38. Ka2 Kg7 39. Rg1 Kh6
40. Rg4 a5 41. Kb3 b6 42. Ka4 Kh5 43. Rc4 Be3 44. Kb5 Kg5 45. b4 axb4 46. axb4
1-0

[Event "Litomysl 2008"]
[Site "?"]
[Date "2008.12.29"]
[Round "5.10"]
[White "Chojnacki, Krzysztof"]
[Black "Bujnoch, Radek"]
[Result "1-0"]
[WhiteElo "2426"]
[BlackElo "2233"]
[PlyCount "115"]
[EventDate "2008.12.26"]

1. e4 c5 2. Nf3 Nc6 3. d4 cxd4 4. Nxd4 Nf6 5. Nc3 e5 6. Ndb5 d6 7. Bg5 a6 8.
Na3 b5 9. Bxf6 gxf6 10. Nd5 f5 11. c3 Bg7 12. exf5 Bxf5 13. Nc2 O-O 14. Nce3
Be6 15. Bd3 f5 16. Qh5 e4 17. Bc2 Ne7 18. Nf4 Qd7 19. O-O Kh8 20. f3 d5 21.
Rad1 Rf6 22. Kh1 Rh6 23. Qg5 Rg8 24. fxe4 Bf8 25. Nxe6 Rxg5 26. Nxg5 Rh5 27.
Nh3 fxe4 28. Rxf8+ Kg7 29. Rdf1 Ng6 30. R8f7+ Qxf7 31. Rxf7+ Kxf7 32. Bb3 Ke6
33. Kg1 Kd6 34. Nf2 Nf4 35. Bd1 Re5 36. Nfg4 Re6 37. Bb3 Rg6 38. g3 d4 39. Nf5+
Kc7 40. Ne5 Rg5 41. Nxd4 Nh3+ 42. Kg2 Rxe5 43. Kxh3 e3 44. Bd1 b4 45. Kg2 bxc3
46. bxc3 Kd6 47. Kf3 Ra5 48. Bb3 Rc5 49. Ne2 Re5 50. g4 a5 51. Ng3 Kc5 52. Ke2
a4 53. Bxa4 Kc4 54. Bc2 h6 55. Ne4 h5 56. g5 h4 57. Bb3+ Kb5 58. Kxe3 1-0

[Event "Litomysl 2008"]
[Site "?"]
[Date "2008.12.29"]
[Round "5.12"]
[White "Cerveny, Martin"]
[Black "Andonov, Bogomil"]
[Result "1-0"]
[WhiteElo "2320"]
[BlackElo "2328"]
[PlyCount "75"]
[EventDate "2008.12.26"]

1. d4 Nf6 2. Nf3 c5 3. d5 g6 4. Nc3 Bg7 5. e4 O-O 6. h3 d6 7. Be2 b5 8. Bxb5
Nxe4 9. Nxe4 Qa5+ 10. Nc3 Bxc3+ 11. bxc3 Qxb5 12. Bh6 Re8 13. Nd2 Nd7 14. c4
Qa4 15. O-O Ba6 16. Re1 Ne5 17. f4 Nxc4 18. Nb3 Nb6 19. Qf3 c4 20. Nd4 Qa5 21.
Nc6 Qc5+ 22. Kh1 Nxd5 23. Nxe7+ Nxe7 24. Rxe7 d5 25. Re5 Rxe5 26. fxe5 Qc6 27.
Rf1 Qe6 28. Qe3 Bb7 29. Rf6 d4 30. Qg3 Qd5 31. Rd6 Qe4 32. Qg5 Re8 33. Kh2 f6
34. exf6 Kf7 35. Rd7+ Ke6 36. Rc7 d3 37. f7 Rd8 38. Re7+ 1-0

[Event "Litomysl 2008"]
[Site "?"]
[Date "2008.12.29"]
[Round "5.15"]
[White "Zakharchenko, Arnold"]
[Black "Pokorny, Petr"]
[Result "1-0"]
[WhiteElo "2288"]
[BlackElo "2199"]
[PlyCount "43"]
[EventDate "2008.12.26"]

1. c4 f5 2. Nf3 Nf6 3. g3 e6 4. Bg2 d5 5. O-O Bd6 6. Nc3 O-O 7. d3 c5 8. cxd5
exd5 9. Qb3 Be7 10. Bg5 Nc6 11. Bxf6 Bxf6 12. Nxd5 Be6 13. Nxf6+ Qxf6 14. Qc3
Qe7 15. Rfe1 b6 16. d4 Nxd4 17. Nxd4 cxd4 18. Qxd4 Rad8 19. Qe5 Rfe8 20. Bc6
Bd7 21. Qxe7 Rxe7 22. Rad1 1-0

[Event "Litomysl 2008"]
[Site "?"]
[Date "2008.12.29"]
[Round "5.16"]
[White "Vrana, Jan"]
[Black "Novotny, Michal"]
[Result "1-0"]
[WhiteElo "2219"]
[BlackElo "2272"]
[PlyCount "117"]
[EventDate "2008.12.26"]

1. e4 c5 2. Nc3 e6 3. g3 Nc6 4. Bg2 Nge7 5. d3 Nd4 6. f4 Nec6 7. Nf3 Be7 8. O-O
d6 9. Ne2 O-O 10. c3 Nxf3+ 11. Bxf3 d5 12. Be3 d4 13. cxd4 cxd4 14. Bf2 e5 15.
fxe5 Bc5 16. Bg2 Nxe5 17. Nf4 b6 18. a3 a5 19. b4 Bg4 20. Qb3 Be7 21. Nd5 Be2
22. Bxd4 Bd6 23. Rf5 Qb8 24. Qb2 Bg4 25. Rxe5 f6 26. Rf5 Bxf5 27. exf5 axb4 28.
axb4 Rxa1+ 29. Qxa1 Qc8 30. Be4 Qc2 31. Qe1 Rc8 32. Bf3 Kh8 33. Nxb6 Rd8 34.
Qe2 Qb1+ 35. Kg2 Qxb4 36. Bf2 h6 37. Nd5 Qb5 38. Qe4 Re8 39. Nc3 Qd7 40. Qa4
Qc8 41. Bc6 Rf8 42. Ne4 Be5 43. d4 Bb8 44. Qb5 Qc7 45. Qb7 Qd8 46. d5 Qa5 47.
Qe7 Rg8 48. d6 Qxf5 49. d7 Bc7 50. Nc5 Bb6 51. Qe6 Qc2 52. Be4 Qb2 53. Nd3 Qe2
54. Qf5 g6 55. Qxf6+ Kh7 56. Qe7+ Kh8 57. Qe5+ Rg7 58. Bxg6 Qc2 59. Qb8+ 1-0

[Event "Litomysl 2008"]
[Site "?"]
[Date "2008.12.29"]
[Round "5.17"]
[White "Bures, Jaroslav"]
[Black "Svana, Peter"]
[Result "1-0"]
[WhiteElo "2263"]
[BlackElo "2186"]
[PlyCount "66"]
[EventDate "2008.12.26"]

1. e4 e5 2. Nf3 Nc6 3. Bb5 a6 4. Ba4 Nf6 5. O-O Be7 6. Re1 b5 7. Bb3 O-O 8. h3
Bb7 9. d3 Re8 10. Ng5 Rf8 11. Nf3 Re8 12. Nc3 d6 13. a3 h6 14. Bd2 Na7 15. Ba2
c5 16. Ne2 Nc6 17. Ng3 Bf8 18. Nh4 d5 19. Nhf5 dxe4 20. Nxe4 Nxe4 21. Rxe4 Nd4
22. Qh5 Qf6 23. Nxh6+ gxh6 24. Rg4+ Bg7 25. Bxh6 Nf5 26. Rg6 Nxh6 27. Rxf6 Bxf6
28. Qxh6 Bg7 29. Qg5 Rad8 30. Re1 Rd7 31. Re3 Rd6 32. Rg3 Rg6 33. Qf5 Rf6 1-0

[Event "Litomysl 2008"]
[Site "?"]
[Date "2008.12.29"]
[Round "5.20"]
[White "Blecha, Miroslav"]
[Black "Kastner, Oldrich"]
[Result "1-0"]
[WhiteElo "2219"]
[BlackElo "2145"]
[PlyCount "63"]
[EventDate "2008.12.26"]

1. e4 e6 2. d4 d5 3. Nc3 Nf6 4. e5 Nfd7 5. f4 c5 6. Nf3 Nc6 7. Be3 a6 8. Qd2 b5
9. a3 Qa5 10. Ne2 b4 11. c3 bxa3 12. Rxa3 Qc7 13. dxc5 Nxc5 14. Bxc5 Bxc5 15.
b4 Be7 16. Ned4 Nxd4 17. Nxd4 O-O 18. Bd3 f6 19. exf6 Rxf6 20. O-O e5 21. fxe5
Qxe5 22. Re1 Qc7 23. Qe2 Bf8 24. Qh5 Rh6 25. Qxd5+ Kh8 26. Qxa8 Qxh2+ 27. Kf2
Rf6+ 28. Nf3 Bg4 29. Re8 Qf4 30. Rxa6 Rf7 31. Qe4 Qd2+ 32. Kg3 1-0

[Event "Litomysl 2008"]
[Site "?"]
[Date "2008.12.29"]
[Round "5.21"]
[White "Fuchs, Georg"]
[Black "Vlcek, Marek"]
[Result "1-0"]
[WhiteElo "2210"]
[BlackElo "1994"]
[PlyCount "129"]
[EventDate "2008.12.26"]

1. e4 c5 2. Nf3 Nf6 3. Nc3 d5 4. exd5 Nxd5 5. Bc4 e6 6. O-O Be7 7. d4 Nxc3 8.
bxc3 O-O 9. Re1 Nc6 10. Bd3 Bf6 11. Ba3 b6 12. Be4 Bb7 13. Qd3 g6 14. Rab1 Qc7
15. dxc5 Rfd8 16. Qe3 Na5 17. Bxb7 Nxb7 18. Rb5 bxc5 19. Bxc5 Rd5 20. Bd4 Rxb5
21. Bxf6 Nd6 22. Nd4 Ra5 23. Nxe6 fxe6 24. Qxe6+ Qf7 25. Qxd6 Rd5 26. Qc6 Rf8
27. f3 Rd2 28. Bd4 Rxc2 29. Qe4 Qxa2 30. Qe5 Rxg2+ 31. Kh1 Rf6 32. Qe8+ Rf8 33.
Qe5 Rf6 34. Qb8+ Rf8 35. Qc7 Rxh2+ 36. Qxh2 Qxh2+ 37. Kxh2 Rxf3 38. Ra1 g5 39.
Rxa7 h6 40. Rg7+ Kf8 41. Rh7 g4 42. Rxh6 Kf7 43. Rh4 g3+ 44. Kg2 Rd3 45. Rf4+
Ke6 46. Rf3 Rd2+ 47. Kxg3 Kd5 48. Kf4 Ra2 49. Ke3 Kc4 50. Rf8 Ra4 51. Rc8+ Kd5
52. Rc5+ Kd6 53. c4 Ra3+ 54. Ke4 Ra8 55. Rf5 Re8+ 56. Kd3 Rc8 57. Rf6+ Ke7 58.
Rh6 Kd7 59. c5 Kc7 60. Kc4 Rd8 61. Be5+ Kb7 62. Kb5 Rc8 63. Rh7+ Ka8 64. c6 Rd8
65. Ka6 1-0

[Event "Litomysl 2008"]
[Site "?"]
[Date "2008.12.29"]
[Round "5.26"]
[White "Sochor, Stanislav"]
[Black "Cizinsky, Petr"]
[Result "1-0"]
[WhiteElo "2117"]
[BlackElo "1937"]
[PlyCount "39"]
[EventDate "2008.12.26"]

1. d4 d5 2. Nf3 Nf6 3. e3 c5 4. b3 Qc7 5. c4 e6 6. Bd3 Nc6 7. O-O cxd4 8. exd4
Be7 9. Nc3 O-O 10. Bb2 b6 11. Rc1 Bb7 12. Re1 Rac8 13. cxd5 Nxd5 14. Nxd5 exd5
15. Ne5 Qd6 16. Qg4 Bf6 17. Nd7 Rfe8 18. Ba3 Rxe1+ 19. Rxe1 Qxa3 20. Nxf6+ 1-0

[Event "Litomysl 2008"]
[Site "?"]
[Date "2008.12.29"]
[Round "5.27"]
[White "Kranjec, Primoz"]
[Black "Gruber, Michael"]
[Result "1/2-1/2"]
[WhiteElo "1917"]
[BlackElo "2113"]
[PlyCount "98"]
[EventDate "2008.12.26"]

1. e4 e5 2. Nf3 Nc6 3. Bb5 a6 4. Ba4 Nf6 5. O-O Be7 6. c3 b5 7. Bc2 d5 8. d3
O-O 9. h3 dxe4 10. dxe4 Bc5 11. Bg5 Qe7 12. Nbd2 Rd8 13. Qe2 b4 14. Rfd1 Na5
15. Nf1 Bb7 16. cxb4 Bxb4 17. a3 Bd6 18. b4 Nc6 19. Ne3 Nd4 20. Nxd4 exd4 21.
Nf5 Qe6 22. Nxd4 Bh2+ 23. Kh1 Rxd4 24. Rxd4 Be5 25. Rad1 Bxd4 26. Rxd4 Re8 27.
Bxf6 Qxf6 28. Qd2 Qe5 29. f3 h6 30. Bb3 Re7 31. Qd1 Kh7 32. Rd2 h5 33. f4 Qxf4
34. Qxh5+ Qh6 35. Qxh6+ Kxh6 36. Rd4 Bxe4 37. Bxf7 Bxg2+ 38. Kxg2 Rxf7 39. Rc4
Rd7 40. Rc6+ Kg5 41. Rxa6 Kf4 42. Rg6 Rd2+ 43. Kf1 Ra2 44. Rxg7 Rxa3 45. Rxc7
Rxh3 46. Rc4+ Ke5 47. Ke2 Kd5 48. Rg4 Kc6 49. Kd2 Kb5 1/2-1/2

[Event "Litomysl 2008"]
[Site "?"]
[Date "2008.12.29"]
[Round "5.28"]
[White "Olsarova, Tereza"]
[Black "Prachar, Josef"]
[Result "0-1"]
[WhiteElo "2108"]
[BlackElo "1905"]
[PlyCount "92"]
[EventDate "2008.12.26"]

1. e4 c5 2. Nf3 Nc6 3. d4 cxd4 4. Nxd4 Nf6 5. Nc3 e5 6. Ndb5 d6 7. Bg5 a6 8.
Na3 b5 9. Bxf6 gxf6 10. Nd5 Bg7 11. Bd3 Ne7 12. c4 Nxd5 13. cxd5 f5 14. O-O
fxe4 15. Bxe4 O-O 16. Rc1 f5 17. Bb1 e4 18. Qb3 Be5 19. f4 Bd4+ 20. Kh1 Qf6 21.
Rc2 Kh8 22. g3 Qf7 23. Rd2 Bf6 24. g4 Re8 25. g5 Bg7 26. Nc2 Bb7 27. Rg1 Qh5
28. Rg3 Qh4 29. Qe3 Rac8 30. Rd1 Qh5 31. Rdg1 Qg6 32. Qb3 Rc5 33. Rd1 Qh5 34.
Ne3 Qg6 35. Qb4 Rec8 36. Qd2 Rf8 37. a3 Qh5 38. Ba2 Bc8 39. g6 b4 40. Qg2 Qh4
41. Rf1 Qf6 42. Rb1 Bd7 43. Rg5 Rfc8 44. Rh5 Rc1+ 45. Nf1 R8c2 46. Rxc1 Rxg2
0-1

[Event "Litomysl 2008"]
[Site "?"]
[Date "2008.12.29"]
[Round "5.31"]
[White "Sandor, Lukas"]
[Black "Zeman, Arnost"]
[Result "1/2-1/2"]
[WhiteElo "1869"]
[BlackElo "2030"]
[PlyCount "57"]
[EventDate "2008.12.26"]

1. e4 c5 2. Nf3 g6 3. d4 cxd4 4. Nxd4 Nf6 5. Nc3 Bg7 6. Bc4 O-O 7. O-O Nxe4 8.
Bxf7+ Rxf7 9. Nxe4 Rf8 10. c3 Nc6 11. Be3 d5 12. Nxc6 bxc6 13. Nc5 e5 14. Qa4
Qd6 15. Rad1 Rf7 16. Rd2 Qc7 17. Rfd1 h5 18. b4 a6 19. b5 cxb5 20. Qb4 d4 21.
cxd4 exd4 22. Bxd4 Qf4 23. Qc3 Bxd4 24. Qxd4 Qxd4 25. Rxd4 Bf5 26. Rd8+ Rf8 27.
Rxa8 Rxa8 28. f3 a5 29. Kf2 1/2-1/2